000 00370nam a2200145Ia 4500
005 20260328104339.0
008 260328s9999||||xx |||||||||||||| ||und||
100 _aBohigas, Oriol
245 0 _aContra una Arquitectura adjetivada /
_cOriol Bohigas
250 _a1a ed.
260 _bBiblioteca Breve de bolsillo
300 _a159 p.
650 _aTEORÍA
942 _cBK
999 _c12038
_d12038